000 00289nam a22001337a 4500
008 180315b xxu||||| |||| 00| 0 eng d
020 _a2900415936865
041 _aeng
080 _a7
100 _a44
101 _aART
245 _aFeminist visual culture
_cCarson,F
942 _2udc
_cBK
999 _c45087
_d45087